000 00355nam a2200133Ia 4500
008 210312s9999||||xx |||||||||||||| ||und||
041 _aosm
050 _aPL216
050 _bS48
100 _aSevük, İsmail Habib
245 0 _aTürk teceddüt edebiyatı tarihi
260 _c1340
650 _aEdebiyat--Türk edebiyatı--20. yüzyıl--Tarih ve inceleme
999 _c22104
_d22104